000 00443nab a2200145Ia 4500
003 ES-SlBCS
005 20210601124322.0
008 140529s1990 xxu||||| |||| 00| 0 eng d
041 _aeng
100 1 _aLa Brecque, Richard
_9139663
245 0 0 _aLiberal Education in an Unfree World
_c Richard La Brecque
650 0 4 _aEducación Liberal
_9139664
773 0 _tEducational Theory
_gvol. 40, nº. 4, 1990, págs. 483-494
_wRev1399
942 _cAR
999 _c512853
_d512853